Finales du Top 14 - Statistiques

Statistiques générales
  • Ce quiz a été pris 508 fois
    438 depuis la dernière actualisation
  • Le résultat moyen est 28 sur 45
Statistiques - réponses
Réponse % Correct
Stade toulousain
100%
Stade français Paris
97%
ASM Clermont Auvergne
96%
AS Montferrand
96%
Castres olympique
95%
Racing 92
95%
Racing club de France
95%
RC Toulon
95%
Stade rochelais
95%
SOE Toulouse
93%
USA Perpignan
93%
Lyon OU
92%
Montpellier HR
92%
CA Bègles
89%
Aviron bayonnais
87%
Biarritz olympique
87%
Stade bordelais
85%
CA Bordeaux-Bègles
82%
Section paloise
78%
CA Brive
75%
AS Béziers
73%
SU Agen
70%
RC Narbonne
67%
Stade montois
63%
US Montauban
62%
FC Grenoble
60%
FC Lyon
60%
FC Lourdes
56%
US Dax
56%
Stadoceste tarbais
50%
Olympique
48%
SCUF
45%
US Carcassonne
44%
International Athletic Club
43%
US Colomiers
42%
CS Bourgoin-Jallieu
38%
Nice UR
27%
La Voulte sportif
26%
CS Vienne
21%
US Quillan
21%
US Carmeaux
19%
Stade Bagnérais
9%
SC Mazamet
7%
US Cognac
5%
FC Lézignan
3%
Aucun quiz correspondant
Distribution des résultats
% des personnes avec chaque résultat
Percentile par nombre de réponses
Votre historique - résultats
Vous n’avez pas pris ce quiz depuis la dernière actualisation